Дело о разных происшествиях в императорских театрах

Доступно только в Электронных читальных залах Найти на картеНа карте
RUSMARC
00003523nmc2a22002413x 450
001e4f894e5-4f0a-47e8-8196-3338e83236cc
00520241003135154.0
100##$a20240521l18871887k l0rusy0189 ca
1010#$arus
102##$aRU
105##$ay###
1222#$ad
2001#$aДело о разных происшествиях в императорских театрах
$j4 февраля - 30 апреля 1887 г.
215##$a6 л.
$d36,5х26 см
251##$cДело
300##$aДело
371##$aДокумент не является опубликованным и широко распространяемым
461#0$1001RusGRCC00077099
$12001
$aКанцелярия Министерства Императорского двора
$1251
$cФонд
$1852
$j472
462#0$10018dc9969f-5272-4de1-a3f1-16a738c08fd9
$12001
$aКанцелярия Министерства Императорского двора. Описи дел третьего отделения третьего стола
$1251
$cОпись
$1852
$j27
$l409-1929
801#0$aRU
$bРГИА
$c20240521
$gRCR
801#1$aRU
$bГлавНИВЦ
$c20240521
$2rusmarc
801#2$aRU
$bПБ им. Б.Н. Ельцина
$c20241003
$gRCR
$2rusmarc
850##$aРГИА
852##$aРГИА
$eФедеральное казенное учреждение "Российский государственный исторический архив" (РГИА)
$j17
937##$hРГИА
$d12412338
$aASBIBLIO_SCAN
035##$aRusGRCC00077069
856##$uhttp://readingroom.main.prlib.ru/item.aspx?id_node=n194214025&mode=full
Формат отображения